[Event "M.Botvinnik Memorial 2012"]
[Site "St. Petersburg, Russia"]
[Date "2012.08.27"]
[Round "3.89"]
[White "Kosov, Igor"]
[Black "Nikitinyh, Boris"]
[Result "0-1"]
[WhiteElo "1807"]
[BlackElo "2185"]
[PlyCount "66"]
[EventDate "2012.08.25"]

1. d4 Nf6 2. c4 d6 3. Nc3 g6 4. e4 Bg7 5. f3 O-O 6. Be3 Nc6 7. Qd2 e5 8. d5 Nd4
9. Nge2 c5 10. dxc6 Nxc6 11. Nd5 Nxd5 12. cxd5 Ne7 13. Nc3 f5 14. Bc4 Bd7 15.
O-O a6 16. a4 f4 17. Bf2 g5 18. a5 g4 19. Bb6 Qe8 20. fxg4 Bxg4 21. Be2 Bd7 22.
Kh1 Kh8 23. Rg1 Rf6 24. Raf1 Qf7 25. Qe1 Rg8 26. Nb1 Rh6 27. Nd2 Bf6 28. Bf2
Qg6 29. Nf3 Qxe4 30. Nd2 Qg6 31. Nf3 e4 32. Nh4 Qg5 33. Qc1 Nf5 0-1

[Event "M.Botvinnik Memorial 2012"]
[Site "St. Petersburg, Russia"]
[Date "2012.08.27"]
[Round "3.90"]
[White "Solovjova, Valentina"]
[Black "Radkov, Bazhen D"]
[Result "1-0"]
[WhiteElo "2175"]
[BlackElo "1805"]
[PlyCount "107"]
[EventDate "2012.08.25"]

1. e4 e5 2. Nf3 Nf6 3. Nc3 Bb4 4. Nxe5 O-O 5. Nd3 Bxc3 6. dxc3 Nxe4 7. Be2 d6
8. Bf4 Nc6 9. O-O h6 10. Bf3 Bf5 11. Re1 Re8 12. g4 Bh7 13. Bg2 Qh4 14. f3 Nc5
15. Bg3 Rxe1+ 16. Qxe1 Nxd3 17. cxd3 Qf6 18. d4 Kf8 19. Qd2 Re8 20. h4 Qg6 21.
h5 Qc2 22. Qxc2 Bxc2 23. Kf2 Bd3 24. Re1 Rxe1 25. Kxe1 b6 26. Bf4 Ke7 27. Kf2
a5 28. Bc1 f6 29. f4 Nd8 30. Ke3 Bb1 31. a3 c5 32. b4 axb4 33. cxb4 cxb4 34.
axb4 Kd7 35. d5 Nf7 36. Bb2 Bc2 37. Bf3 Ke7 38. Be2 Bb3 39. Bd4 Bxd5 40. Bxb6
Kd7 41. b5 Nd8 42. Ba5 Nb7 43. Bc3 Ke7 44. Kd4 Bg2 45. Bc4 Nc5 46. b6 Kd7 47.
Bb5+ Bc6 48. Kc4 Nb7 49. g5 d5+ 50. Kb4 hxg5 51. fxg5 Bxb5 52. Kxb5 Nd6+ 53.
Ka6 fxg5 54. Bxg7 1-0

[Event "M.Botvinnik Memorial 2012"]
[Site "St. Petersburg, Russia"]
[Date "2012.08.27"]
[Round "3.91"]
[White "Pershin, Denis"]
[Black "Popov, Alexei"]
[Result "1-0"]
[WhiteElo "2103"]
[BlackElo "1797"]
[PlyCount "101"]
[EventDate "2012.08.25"]

1. e4 e5 2. Nf3 Nc6 3. Bb5 a6 4. Bxc6 dxc6 5. d4 exd4 6. Qxd4 Qxd4 7. Nxd4 c5
8. Ne2 Bd6 9. f4 f6 10. a4 c6 11. a5 Ne7 12. Nbc3 Be6 13. Be3 c4 14. Kf2 Nc8
15. Nd4 Bd7 16. Nf3 Bc7 17. f5 O-O 18. Nd2 b5 19. axb6 Nxb6 20. Bxb6 Bxb6+ 21.
Kf3 Bd4 22. Ra3 Rfb8 23. Rb1 Rb4 24. Nd1 Be5 25. c3 Rb5 26. Nxc4 Bxh2 27. Nde3
Bc7 28. Rd1 Be8 29. Rda1 h5 30. Rxa6 Rd8 31. Ra8 Rbb8 32. Rxb8 Rxb8 33. Ra7 Bb6
34. Nxb6 Rxb6 35. Ra8 Kf7 36. Nc4 Rb3 37. Nd6+ Ke7 38. Nxe8 Rxb2 39. Nxg7 Rb3
40. Ra7+ Kd6 41. Ne8+ Kc5 42. Nxf6 Rxc3+ 43. Kf4 Kb6 44. Ra2 Rc4 45. Kg5 Kc7
46. e5 Rc1 47. Re2 h4 48. e6 h3 49. gxh3 Rg1+ 50. Kh4 Rg7 51. Ne8+ 1-0

[Event "M.Botvinnik Memorial 2012"]
[Site "St. Petersburg, Russia"]
[Date "2012.08.27"]
[Round "3.92"]
[White "Ladzin, Ivan"]
[Black "Safronov, Kirill"]
[Result "1/2-1/2"]
[WhiteElo "1791"]
[BlackElo "2034"]
[PlyCount "96"]
[EventDate "2012.08.25"]

1. d4 Nf6 2. Bg5 Ne4 3. Bh4 g5 4. f3 gxh4 5. fxe4 Bg7 6. e3 d6 7. Bc4 e5 8. Qh5
Qf6 9. Ne2 Be6 10. Bxe6 Qxe6 11. Qxh4 Bf6 12. Qf2 Nd7 13. Nd2 O-O-O 14. Nc3 Qg4
15. h3 Qg7 16. d5 Rhg8 17. Rg1 Qh6 18. O-O-O Bg5 19. Rde1 Rg6 20. Nf3 Rdg8 21.
Rh1 a6 22. g4 Be7 23. Ne2 Nc5 24. Ng3 Qf8 25. Nd2 Bh4 26. Ref1 Bxg3 27. Qxg3 h5
28. Rhg1 hxg4 29. hxg4 Qg7 30. Qh3 Kb8 31. Qf3 Rxg4 32. Rxg4 Qxg4 33. Qxf7 Qg2
34. b3 Rg4 35. Qf2 Qh3 36. Qf5 Qg2 37. Qf2 Qxf2 38. Rxf2 Nxe4 39. Nxe4 Rxe4 40.
Kd2 Rh4 41. Kd3 Ka7 42. c4 Kb6 43. b4 Rh1 44. Rf6 Rd1+ 45. Ke4 Ka7 46. Rf7 Kb8
47. Rf8+ Ka7 48. Rf7 Kb8 1/2-1/2

[Event "M.Botvinnik Memorial 2012"]
[Site "St. Petersburg, Russia"]
[Date "2012.08.27"]
[Round "3.93"]
[White "Kharchenko, Daniil"]
[Black "Molchanov, Alexander"]
[Result "1-0"]
[WhiteElo "2006"]
[BlackElo "1783"]
[PlyCount "91"]
[EventDate "2012.08.25"]

1. d4 Nf6 2. c4 g6 3. Nc3 Bg7 4. e4 d6 5. Nf3 O-O 6. Be2 Nbd7 7. O-O e5 8. d5
a5 9. Ne1 Nc5 10. f3 Nh5 11. Be3 f5 12. Nd3 Nxd3 13. Qxd3 f4 14. Bf2 g5 15. c5
Nf6 16. cxd6 cxd6 17. Nb5 g4 18. Rac1 g3 19. hxg3 fxg3 20. Bxg3 Nh5 21. Bh2 Qg5
22. Rfd1 Rf6 23. Bf1 Rh6 24. Qd2 Nf4 25. Bxf4 exf4 26. Kf2 Qg3+ 27. Ke2 Bg4 28.
Qd3 Rh2 29. fxg4 Rxg2+ 30. Bxg2 Qxg2+ 31. Ke1 f3 32. Rc2 Qg1+ 33. Kd2 Bh6+ 34.
Kc3 Qc5+ 35. Qc4 Qe3+ 36. Rd3 Qe1+ 37. Kb3 a4+ 38. Ka3 f2 39. Rf3 Be3 40. Nxd6
Bc5+ 41. Qxc5 f1=Q 42. Rxf1 Qxf1 43. Nf5 b6 44. Qd4 Qf3+ 45. Rc3 Qxg4 46. Rg3
1-0

[Event "M.Botvinnik Memorial 2012"]
[Site "St. Petersburg, Russia"]
[Date "2012.08.27"]
[Round "3.94"]
[White "Rybakova, Polina"]
[Black "Sazonova, Anastasia"]
[Result "0-1"]
[WhiteElo "1781"]
[BlackElo "2002"]
[PlyCount "100"]
[EventDate "2012.08.25"]

1. e4 c5 2. Nf3 d6 3. d4 cxd4 4. Nxd4 Nf6 5. Nc3 Nc6 6. Bg5 e6 7. Qd2 Be7 8.
O-O-O O-O 9. f3 Nxd4 10. Qxd4 Qa5 11. h4 Bd7 12. g4 b5 13. Kb1 b4 14. Ne2 e5
15. Qd2 Be6 16. Nc1 Rfd8 17. Bg2 d5 18. Bxf6 Bxf6 19. g5 Be7 20. Qe2 d4 21. Bh3
Bxh3 22. Rxh3 Qc7 23. Rg1 a5 24. h5 a4 25. Qd3 Qa7 26. g6 Qa6 27. Qxa6 Rxa6 28.
Nd3 Re6 29. Rhg3 fxg6 30. hxg6 h6 31. Rh1 Rb8 32. Rh5 Bg5 33. Rh1 Rb5 34. Rf1
Rxg6 35. f4 exf4 36. Nxf4 Rf6 37. Rgf3 Bxf4 38. Rxf4 Rxf4 39. Rxf4 Re5 40. Kc1
g5 41. Rg4 h5 42. Rg1 g4 43. Rh1 g3 44. Kd2 g2 45. Rg1 Rg5 46. Ke2 h4 47. Kf2
h3 48. a3 bxa3 49. bxa3 Rg7 50. e5 h2 0-1

[Event "M.Botvinnik Memorial 2012"]
[Site "St. Petersburg, Russia"]
[Date "2012.08.27"]
[Round "3.95"]
[White "Belov, Nikita"]
[Black "Lyazhkov, Sergey"]
[Result "1-0"]
[WhiteElo "1992"]
[BlackElo "1769"]
[PlyCount "71"]
[EventDate "2012.08.25"]

1. c4 e5 2. Nc3 Nf6 3. Nf3 d6 4. g3 Nc6 5. Bg2 Be6 6. b3 h6 7. Bb2 Qd7 8. O-O
O-O-O 9. Rc1 Be7 10. d4 exd4 11. Nxd4 Nxd4 12. Qxd4 c5 13. Qd2 Bh3 14. b4 Bxg2
15. Kxg2 Kb8 16. a3 Rhe8 17. Rfd1 Qf5 18. Qd3 Qe6 19. Qf3 Bf8 20. bxc5 dxc5 21.
Nb5 a6 22. Qf4+ Bd6 23. Rxd6 Qe4+ 24. Qxe4 Nxe4 25. Rxd8+ Rxd8 26. Be5+ Ka8 27.
Nc7+ Ka7 28. Nd5 f6 29. Bc7 Rd7 30. h4 b5 31. Bf4 bxc4 32. Rxc4 Rxd5 33. Rxe4
Rd4 34. Re7+ Kb6 35. Rxg7 c4 36. Be3 1-0

[Event "M.Botvinnik Memorial 2012"]
[Site "St. Petersburg, Russia"]
[Date "2012.08.27"]
[Round "3.96"]
[White "Tarakanova, Valeria"]
[Black "Tselkovskiy, Kirill"]
[Result "0-1"]
[WhiteElo "1767"]
[BlackElo "1991"]
[PlyCount "54"]
[EventDate "2012.08.25"]

1. e4 c5 2. Nf3 d6 3. d4 cxd4 4. Nxd4 Nf6 5. Nc3 g6 6. f3 Bg7 7. Be3 O-O 8. Bc4
Nc6 9. Bb3 Bd7 10. Qd2 Ne5 11. O-O-O Rc8 12. Kb1 Nc4 13. Bxc4 Rxc4 14. b3 Rc8
15. g4 Qa5 16. Nd5 Qxd2 17. Nxe7+ Kh8 18. Rxd2 Rce8 19. Nxg6+ fxg6 20. Ne2 Bc6
21. Bxa7 d5 22. g5 Nh5 23. exd5 Bxd5 24. Rxd5 Rxe2 25. Rd7 Rc8 26. Rxb7 Rexc2
27. Re1 Rb2+ 0-1

[Event "M.Botvinnik Memorial 2012"]
[Site "St. Petersburg, Russia"]
[Date "2012.08.27"]
[Round "3.97"]
[White "Chuprova, Irina"]
[Black "Lysukha, Nikita"]
[Result "1-0"]
[WhiteElo "1972"]
[BlackElo "1759"]
[PlyCount "83"]
[EventDate "2012.08.25"]

1. e4 c6 2. c4 d5 3. exd5 cxd5 4. cxd5 Nf6 5. Qa4+ Bd7 6. Qb3 Qc7 7. Nc3 a6 8.
a4 g6 9. Bc4 Qc8 10. Nge2 Bg7 11. O-O O-O 12. d3 Bg4 13. Re1 Bxe2 14. Rxe2 Qc7
15. g3 Nh5 16. Bg5 Bf6 17. Bxf6 exf6 18. Rae1 Nd7 19. Re7 f5 20. Qb4 Nhf6 21.
Ne2 Rad8 22. a5 Kg7 23. Nd4 Kh8 24. Nb3 Kg8 25. Nd4 Kh8 26. Nf3 Kg7 27. Ng5 Qc8
28. Ne6+ Kg8 29. Nxd8 Rxd8 30. d6 Rf8 31. Qb3 Nc5 32. Bxf7+ Kh8 33. Qc3 Ncd7
34. Qd4 Qc5 35. Qh4 Ng4 36. R1e2 Qxd6 37. R2e6 Qc5 38. Re2 Nge5 39. R2xe5 Qc1+
40. Re1 Rxf7 41. Re8+ Kg7 42. Rxc1 1-0

[Event "M.Botvinnik Memorial 2012"]
[Site "St. Petersburg, Russia"]
[Date "2012.08.27"]
[Round "3.98"]
[White "Kholova, Elena"]
[Black "Shirokov, Alexander"]
[Result "0-1"]
[WhiteElo "1753"]
[BlackElo "1972"]
[PlyCount "74"]
[EventDate "2012.08.25"]

1. d4 d6 2. Nf3 Nf6 3. Nbd2 g6 4. e4 Bg7 5. Bd3 O-O 6. O-O Nbd7 7. Re1 e5 8. c3
Qe7 9. Nf1 Rd8 10. Qc2 b6 11. a4 a6 12. b4 Bb7 13. Bb2 Nh5 14. Qb3 Nf4 15. Bc4
Nf6 16. Ng5 Rf8 17. dxe5 dxe5 18. Ba3 Ne8 19. h4 Nd6 20. b5 axb5 21. axb5 Rxa3
22. Qxa3 Qd7 23. Qa2 h6 24. Nf3 Bxe4 25. N1d2 Qg4 26. Bf1 Nh3+ 27. Kh2 Nxf2 28.
Nxe4 Ndxe4 29. Rxe4 Nxe4 30. Qc4 Qg3+ 31. Kg1 Nc5 32. Ra7 e4 33. Nd4 Be5 34.
Be2 Qh2+ 35. Kf1 Bg3 36. Bg4 Qh1+ 37. Ke2 Qe1# 0-1

[Event "M.Botvinnik Memorial 2012"]
[Site "St. Petersburg, Russia"]
[Date "2012.08.27"]
[Round "3.99"]
[White "Gusev, Boris"]
[Black "Chernyak, Viktoria"]
[Result "0-1"]
[WhiteElo "1724"]
[BlackElo "1933"]
[PlyCount "42"]
[EventDate "2012.08.25"]

1. e4 c5 2. Nf3 e6 3. d4 cxd4 4. Nxd4 Nf6 5. Qf3 Nc6 6. Nxc6 bxc6 7. Nc3 d5 8.
exd5 cxd5 9. Bb5+ Bd7 10. Bxd7+ Qxd7 11. O-O Be7 12. Bf4 O-O 13. Rad1 Rac8 14.
Qe2 Qb7 15. Rb1 Rc4 16. Be5 Rfc8 17. Rfc1 Nd7 18. f4 Qb6+ 19. Kf1 Nxe5 20. fxe5
Rf4+ 21. Ke1 Qg1+ 0-1

[Event "M.Botvinnik Memorial 2012"]
[Site "St. Petersburg, Russia"]
[Date "2012.08.27"]
[Round "3.100"]
[White "Andreeva, Yulia"]
[Black "Toporkova, Sofia"]
[Result "1-0"]
[WhiteElo "1928"]
[BlackElo "1729"]
[PlyCount "45"]
[EventDate "2012.08.25"]

1. d4 Nf6 2. c4 e6 3. Nc3 Bb4 4. e3 O-O 5. Nge2 b6 6. a3 Be7 7. Nf4 d5 8. b4
dxc4 9. Bxc4 c5 10. Qf3 Qc7 11. Nb5 Qc6 12. d5 Nxd5 13. Nxd5 exd5 14. Bxd5 Qxb5
15. Bb2 Ba6 16. Bxa8 cxb4 17. a4 Qd3 18. Be4 Qb3 19. Qf5 g6 20. Qe5 f6 21. Bd5+
Rf7 22. Qxb8+ Kg7 23. Bxb3 1-0

[Event "M.Botvinnik Memorial 2012"]
[Site "St. Petersburg, Russia"]
[Date "2012.08.27"]
[Round "3.101"]
[White "Levdansky, Alexey"]
[Black "Katyshkina, Anastasia"]
[Result "0-1"]
[WhiteElo "1716"]
[BlackElo "1923"]
[PlyCount "72"]
[EventDate "2012.08.25"]

1. Nf3 Nf6 2. d4 g6 3. g3 Bg7 4. Bg2 O-O 5. O-O d5 6. Nbd2 b6 7. c4 e6 8. e3
Bb7 9. Ne5 Nbd7 10. Nd3 c5 11. Re1 Qc7 12. Nf4 Rac8 13. cxd5 Nxd5 14. Nxd5 exd5
15. Nf3 Nf6 16. dxc5 bxc5 17. Qa4 Ne4 18. Nd2 Nd6 19. Rd1 Bc6 20. Qg4 Rb8 21.
Nb3 Rb4 22. Qe2 c4 23. Nd4 Ba4 24. Re1 Qc5 25. a3 Rb6 26. h4 Re8 27. Qd2 Ne4
28. Bxe4 Rxe4 29. f3 Re8 30. h5 Rb7 31. hxg6 hxg6 32. Kg2 Rbe7 33. Kf2 Qb6 34.
Qc3 Bxd4 35. Qxd4 Qxd4 36. exd4 Rxe1 0-1

[Event "M.Botvinnik Memorial 2012"]
[Site "St. Petersburg, Russia"]
[Date "2012.08.27"]
[Round "3.102"]
[White "Bezulenko, Evgeny"]
[Black "Shakirova, Renata"]
[Result "0-1"]
[WhiteElo "1915"]
[BlackElo "1722"]
[PlyCount "70"]
[EventDate "2012.08.25"]

1. f4 d5 2. Nf3 g6 3. d4 Bg7 4. e3 Nh6 5. Bd3 c5 6. c3 O-O 7. O-O Qc7 8. Nbd2
Nd7 9. Ne5 Nf6 10. h3 Nf5 11. Qe1 Nd6 12. g4 h5 13. f5 hxg4 14. hxg4 g5 15.
Nef3 Nxg4 16. Qg3 Nxe3 17. Nxg5 Nxf1 18. Qh4 Re8 19. Qh7+ Kf8 20. Nxf1 Qb6 21.
dxc5 Qxc5+ 22. Be3 d4 23. cxd4 Qd5 24. Ng3 Bxd4 25. Qh6+ Bg7 26. Nh7+ Kg8 27.
Qg5 f6 28. Qg4 Kxh7 29. Kf2 Qxd3 30. Rh1+ Kg8 31. Bh6 Nxf5 32. Qg6 Qxg3+ 33.
Qxg3 Nxg3 34. Kxg3 Bxh6 35. Rxh6 Kg7 0-1

[Event "M.Botvinnik Memorial 2012"]
[Site "St. Petersburg, Russia"]
[Date "2012.08.27"]
[Round "3.103"]
[White "Sokolov, Ilia"]
[Black "Zakharov, Yuri"]
[Result "1/2-1/2"]
[WhiteElo "1712"]
[BlackElo "1907"]
[PlyCount "100"]
[EventDate "2012.08.25"]

1. Nf3 Nf6 2. g3 g6 3. Bg2 Bg7 4. O-O d6 5. d4 O-O 6. c4 Nbd7 7. Nc3 c6 8. e3
e5 9. b3 Re8 10. Ba3 Bf8 11. Qe2 Qa5 12. Bb2 a6 13. Nd2 exd4 14. Nce4 Nxe4 15.
Nxe4 d5 16. cxd5 cxd5 17. Ng5 h6 18. Nh3 dxe3 19. fxe3 Bc5 20. Qf3 Re7 21. Qxd5
Bxe3+ 22. Kh1 Qxd5 23. Bxd5 Nb6 24. Bg2 Bc5 25. Rac1 Be3 26. Rce1 Bxh3 27. Bxh3
Rae8 28. Bc3 Bc5 29. Rxe7 Rxe7 30. Re1 Rxe1+ 31. Bxe1 Nd5 32. Bg2 Bb4 33. Bf2
Nc3 34. Bxb7 a5 35. a4 Kf8 36. Ba6 Ne4 37. Be3 h5 38. Bc4 Nd6 39. Bd5 Ke7 40.
Kg2 Nf5 41. Bf2 f6 42. Kf3 Nd6 43. Ke2 Nf5 44. Kd3 Nd6 45. Bd4 f5 46. Be3 Kf6
47. h4 Ke5 48. Bc6 Ke6 49. Bf4 Be1 50. Bb5 Ne4 1/2-1/2

[Event "M.Botvinnik Memorial 2012"]
[Site "St. Petersburg, Russia"]
[Date "2012.08.27"]
[Round "3.104"]
[White "Klimentiev, Sergey"]
[Black "Sorokina, Svetlana"]
[Result "0-1"]
[WhiteElo "1896"]
[BlackElo "1713"]
[PlyCount "42"]
[EventDate "2012.08.25"]

1. d4 d5 2. c4 c6 3. Nf3 Nf6 4. Nbd2 Bf5 5. g3 e6 6. Bg2 Be7 7. Nh4 Bg4 8. h3
Bh5 9. g4 Bg6 10. Qb3 Qb6 11. Qxb6 axb6 12. g5 Nfd7 13. f4 Bh5 14. e4 dxc4 15.
Nxc4 b5 16. Nd2 Na6 17. a3 Nb4 18. O-O Nc2 19. Rb1 Nxd4 20. Kh1 Be2 21. Re1 Bd3
0-1

[Event "M.Botvinnik Memorial 2012"]
[Site "St. Petersburg, Russia"]
[Date "2012.08.27"]
[Round "3.105"]
[White "Oxener, Aldo"]
[Black "Nikiforov, Vyacheslav"]
[Result "0-1"]
[WhiteElo "1513"]
[BlackElo "1880"]
[PlyCount "82"]
[EventDate "2012.08.25"]

1. Nf3 c5 2. e3 d5 3. d4 e6 4. b3 Nc6 5. Bb2 Nf6 6. Nbd2 Bd6 7. a3 O-O 8. Bd3
Re8 9. Ne5 cxd4 10. exd4 Nd7 11. Bxh7+ Kf8 12. Qh5 Qf6 13. Nxf7 Bf4 14. Nf3 Ke7
15. a4 Nf8 16. Ba3+ Kd7 17. N7e5+ Nxe5 18. dxe5 g6 19. exf6 gxh5 20. Bg8 Bd6
21. Bxd6 Kxd6 22. Ng5 Ke5 23. f7 Rd8 24. Rd1 Bd7 25. Rd3 Rac8 26. Kd2 Kf6 27.
f4 e5 28. g3 Bf5 29. Rc3 Rxc3 30. Kxc3 Rc8+ 31. Kb4 exf4 32. gxf4 Rxc2 33. Rd1
Rf2 34. Rxd5 Rxf4+ 35. Ka3 Kxg5 36. Rd8 Ne6 37. f8=Q Nxf8 38. Rxf8 Be4 39. Rd8
Rf2 40. Re8 Bc6 41. h3 Bxe8 0-1

[Event "M.Botvinnik Memorial 2012"]
[Site "St. Petersburg, Russia"]
[Date "2012.08.27"]
[Round "3.106"]
[White "Kozlov, Mikhail"]
[Black "Petrochenko, Maria"]
[Result "1-0"]
[WhiteElo "1872"]
[BlackElo "1694"]
[PlyCount "83"]
[EventDate "2012.08.25"]

1. Nf3 d5 2. d4 Nf6 3. e3 Bf5 4. Bd3 Bxd3 5. Qxd3 c6 6. c4 e6 7. Nbd2 Nbd7 8.
Ne5 Bd6 9. f4 O-O 10. O-O Re8 11. c5 Bc7 12. b4 a6 13. Bb2 Nf8 14. a4 N6d7 15.
b5 Nxe5 16. fxe5 Qd7 17. b6 Bd8 18. e4 Ng6 19. Qf3 Rf8 20. Qg4 Qe7 21. Nf3 Nh4
22. exd5 exd5 23. Ra3 Nxf3+ 24. Raxf3 Qg5 25. Qd7 Qe7 26. Qf5 g6 27. Qg4 Qh4
28. Qd7 Qe7 29. Qd6 Qe8 30. e6 f5 31. Re1 Qe7 32. a5 Re8 33. Rfe3 Rc8 34. Qd7
Ra8 35. Re5 Rb8 36. Bc1 Ra8 37. Bg5 Qxd7 38. exd7 Rxe5 39. Rxe5 Kf7 40. Re8 Rb8
41. Bxd8 Ra8 42. Kf2 1-0

[Event "M.Botvinnik Memorial 2012"]
[Site "St. Petersburg, Russia"]
[Date "2012.08.27"]
[Round "3.107"]
[White "Glazov, Anatoly"]
[Black "Klimshin, Ilia"]
[Result "1-0"]
[WhiteElo "1856"]
[BlackElo "1678"]
[PlyCount "71"]
[EventDate "2012.08.25"]

1. d4 d5 2. c4 e6 3. Nc3 c5 4. Nf3 Nc6 5. e3 Nf6 6. Bd3 Be7 7. O-O cxd4 8. exd4
dxc4 9. Bxc4 O-O 10. Re1 a6 11. Bf4 b5 12. Bb3 Qb6 13. Qd2 Rd8 14. Rad1 Na5 15.
Bc2 Nc4 16. Qc1 Bb7 17. Be3 Bxf3 18. gxf3 Qb7 19. Ne4 Rac8 20. Qb1 h6 21. b3
Nb6 22. Nxf6+ Bxf6 23. Be4 Nd5 24. Kh1 Qe7 25. Rc1 Rc7 26. Qb2 Bh4 27. Rg1 Kh8
28. Qd2 f5 29. Bxd5 exd5 30. Bf4 Rxc1 31. Rxc1 Re8 32. Be5 Bf6 33. f4 g5 34.
Rc7 Qe6 35. Qc2 gxf4 36. Rc6 1-0

[Event "M.Botvinnik Memorial 2012"]
[Site "St. Petersburg, Russia"]
[Date "2012.08.27"]
[Round "3.108"]
[White "Trumul, Svetlana"]
[Black "Dyakov, Vladislav"]
[Result "0-1"]
[WhiteElo "1474"]
[BlackElo "1855"]
[PlyCount "62"]
[EventDate "2012.08.25"]

1. e4 c5 2. Nf3 Nc6 3. Bc4 g6 4. O-O Bg7 5. d3 Nf6 6. Nc3 O-O 7. Be3 d6 8. h3
a6 9. a4 Qb6 10. Qd2 Nd4 11. Ng5 Qxb2 12. Bxf7+ Rxf7 13. Nxf7 Kxf7 14. Bxd4
cxd4 15. Rfb1 Qxc3 16. Qe2 Be6 17. Qd1 Qc6 18. Qf3 Rc8 19. Rc1 Kg8 20. a5 Bh6
21. Re1 Nd7 22. Rab1 Bd2 23. Re2 Qxc2 24. Rf1 Qc3 25. Qg3 Rf8 26. Rd1 Bf4 27.
Qh4 g5 28. Qh5 Bb3 29. Rb1 Qxd3 30. Rbe1 Bd1 31. Rb2 Bxh5 0-1

[Event "M.Botvinnik Memorial 2012"]
[Site "St. Petersburg, Russia"]
[Date "2012.08.27"]
[Round "3.109"]
[White "Timirev, Sergey"]
[Black "Turetsky, Mark"]
[Result "1-0"]
[WhiteElo "1848"]
[BlackElo "1659"]
[PlyCount "41"]
[EventDate "2012.08.25"]

1. e4 c6 2. d4 d5 3. e5 Bf5 4. Nc3 e6 5. g4 Bg6 6. Nge2 Bb4 7. h4 h6 8. Be3 Nd7
9. a3 Ba5 10. Nf4 Ne7 11. b4 Bb6 12. h5 Bh7 13. Bd3 Bxd3 14. Nxd3 a6 15. Ne2
Ba7 16. Ng3 b5 17. g5 hxg5 18. Qg4 f6 19. Qxe6 Rc8 20. Nf5 Rh7 21. Nd6+ 1-0

[Event "M.Botvinnik Memorial 2012"]
[Site "St. Petersburg, Russia"]
[Date "2012.08.28"]
[Round "4.2"]
[White "Alekseev, Evgeny"]
[Black "Popov, Valerij"]
[Result "1/2-1/2"]
[WhiteElo "2673"]
[BlackElo "2557"]
[PlyCount "80"]
[EventDate "2012.08.25"]

1. e4 e6 2. d4 d5 3. Nc3 Bb4 4. exd5 exd5 5. Bd3 c6 6. Nge2 Bg4 7. O-O Ne7 8.
Qe1 O-O 9. Ng3 Re8 10. Qd2 Nd7 11. f3 Be6 12. a3 Bd6 13. Nce2 Ng6 14. c3 Qh4
15. Qg5 Qxg5 16. Bxg5 f6 17. Bd2 Nb6 18. b3 Re7 19. Kf2 Rae8 20. Rfe1 Nh4 21.
a4 Bf7 22. Rad1 Bg6 23. Bxg6 hxg6 24. Nc1 Rxe1 25. Bxe1 Kf7 26. Nd3 Nd7 27. Bd2
g5 28. Nf1 Nf5 29. g3 a6 30. Ne3 Nxe3 31. Bxe3 Rh8 32. Kg2 Re8 33. Re1 Bc7 34.
g4 Ba5 35. Bd2 Rxe1 36. Bxe1 Bd8 37. f4 gxf4 38. Nxf4 g5 39. Nd3 Be7 40. Bg3 c5
1/2-1/2

[Event "M.Botvinnik Memorial 2012"]
[Site "St. Petersburg, Russia"]
[Date "2012.08.28"]
[Round "4.3"]
[White "Ovetchkin, Roman"]
[Black "Zvjaginsev, Vadim"]
[Result "1/2-1/2"]
[WhiteElo "2526"]
[BlackElo "2671"]
[PlyCount "80"]
[EventDate "2012.08.25"]

1. d4 Nf6 2. c4 e6 3. Nf3 Bb4+ 4. Bd2 Bxd2+ 5. Qxd2 d5 6. Nc3 O-O 7. e3 Qe7 8.
Rc1 dxc4 9. Bxc4 c5 10. dxc5 Qxc5 11. Bb3 Qa5 12. O-O Nc6 13. Rfd1 Rd8 14. Qe2
Bd7 15. h3 Be8 16. Rxd8 Rxd8 17. Rd1 h6 18. Rxd8 Qxd8 19. Qd2 Qxd2 20. Nxd2 Kf8
21. Kf1 Ke7 22. Ke2 Nd7 23. h4 g5 24. hxg5 hxg5 25. a3 f5 26. Bc2 Nde5 27. Bb3
Bh5+ 28. f3 Na5 29. Ba2 g4 30. Nb5 gxf3+ 31. gxf3 Nac6 32. Nd4 Bf7 33. Nxc6+
Nxc6 34. f4 e5 35. Bxf7 Kxf7 36. e4 Ke6 37. exf5+ Kxf5 38. fxe5 Kxe5 39. Kd3
Kd5 40. Kc3 Ne5 1/2-1/2

[Event "M.Botvinnik Memorial 2012"]
[Site "St. Petersburg, Russia"]
[Date "2012.08.28"]
[Round "4.4"]
[White "Lysyj, Igor"]
[Black "Baryshpolets, Andrey"]
[Result "1-0"]
[WhiteElo "2624"]
[BlackElo "2513"]
[PlyCount "171"]
[EventDate "2012.08.25"]

1. d4 Nf6 2. c4 g6 3. Nc3 Bg7 4. e4 d6 5. h3 O-O 6. Be3 a6 7. Nf3 c5 8. dxc5
Qa5 9. Qa4 Qxa4 10. Nxa4 Nc6 11. cxd6 exd6 12. Nc3 Re8 13. Bd3 Nb4 14. Bb1 Be6
15. Nd2 Nd7 16. O-O Rac8 17. a3 Nc6 18. Ba2 Bxc3 19. bxc3 Na5 20. Rfb1 Ne5 21.
Rb6 Nexc4 22. Bxc4 Nxc4 23. Nxc4 Bxc4 24. Rxb7 Rxe4 25. a4 Rce8 26. Rc7 d5 27.
Rb1 R4e7 28. Rxe7 Rxe7 29. Rb8+ Kg7 30. Bd4+ Kh6 31. g4 Kg5 32. Be3+ Kf6 33.
Rb6+ Ke5 34. f3 Re6 35. Rb7 f5 36. Rxh7 fxg4 37. hxg4 Kd6 38. Kf2 Bb3 39. a5
Kc6 40. Bd4 Bc4 41. f4 Bd3 42. Rh6 Kd7 43. Kg3 g5 44. Rh5 gxf4+ 45. Kxf4 Re4+
46. Kg3 Ke6 47. Rh6+ Ke7 48. g5 Re6 49. Rh8 Re2 50. Rb8 Re6 51. Rb7+ Ke8 52.
Bf6 Bc2 53. Rg7 Bd3 54. Kg4 Bc2 55. Kh5 Re2 56. Ra7 Re6 57. Kh6 Kf8 58. Kh5 Ke8
59. Ra8+ Kf7 60. Rd8 Be4 61. Kg4 Bg2 62. Kf5 Be4+ 63. Kf4 Bg2 64. Be5 Rc6 65.
Ke3 Be4 66. Bd4 Kg6 67. Bf6 Kf5 68. Re8 Kg6 69. Rb8 Re6 70. Rb6 Kf5 71. Kd4 Bg2
72. Kc5 Bf3 73. Bd4 Be4 74. Bg7 Re7 75. Bf6 Re6 76. Bd4 Bf3 77. Rxe6 Kxe6 78.
g6 Be4 79. g7 Kf7 80. c4 dxc4 81. Bc3 Bb7 82. Kb6 Bc8 83. Kc7 Be6 84. Kb7 Bd5+
85. Kxa6 Ke7 86. Kb6 1-0

[Event "M.Botvinnik Memorial 2012"]
[Site "St. Petersburg, Russia"]
[Date "2012.08.28"]
[Round "4.5"]
[White "Aleksandrov, Aleksej"]
[Black "Bukavshin, Ivan"]
[Result "1/2-1/2"]
[WhiteElo "2597"]
[BlackElo "2476"]
[PlyCount "100"]
[EventDate "2012.08.25"]

1. d4 d5 2. c4 e6 3. Nc3 c6 4. e3 Nf6 5. Nf3 Nbd7 6. Qc2 Bd6 7. g4 h6 8. Rg1
Bb4 9. Bd2 b6 10. h4 Bxc3 11. Bxc3 Ne4 12. Bd3 Nxc3 13. Qxc3 Bb7 14. O-O-O Qe7
15. Kb1 dxc4 16. Bxc4 O-O-O 17. e4 c5 18. Qe3 Nf6 19. e5 Nd5 20. Bxd5 Rxd5 21.
dxc5 Rxc5 22. Rc1 Rxc1+ 23. Rxc1+ Kb8 24. h5 Rd8 25. a3 Qd7 26. g5 Qd3+ 27.
Qxd3 Rxd3 28. gxh6 gxh6 29. Nh2 Rh3 30. Ng4 Rxh5 31. Rc3 Rf5 32. Nxh6 Rxf2 33.
a4 Rf4 34. Rg3 Be4+ 35. Ka2 Bg6 36. Ka3 Kb7 37. b3 Re4 38. Rf3 Bh5 39. Rf1 Rxe5
40. Nxf7 Rd5 41. Nh6 a5 42. Rh1 Rg5 43. Re1 e5 44. Rf1 e4 45. Rf5 Rxf5 46. Nxf5
Kc6 47. b4 Kd5 48. bxa5 bxa5 49. Ng3 Be8 50. Nxe4 Kxe4 1/2-1/2

[Event "M.Botvinnik Memorial 2012"]
[Site "St. Petersburg, Russia"]
[Date "2012.08.28"]
[Round "4.6"]
[White "Lintchevski, Daniil"]
[Black "Lovkov, Roman"]
[Result "1/2-1/2"]
[WhiteElo "2558"]
[BlackElo "2424"]
[PlyCount "168"]
[EventDate "2012.08.25"]

1. e4 c5 2. Nf3 d6 3. d4 cxd4 4. Nxd4 Nf6 5. Nc3 a6 6. Be2 e5 7. Nb3 Be7 8. O-O
O-O 9. Re1 Be6 10. Bf3 Nbd7 11. a4 Rc8 12. a5 Nb8 13. Be3 Nfd7 14. Re2 Nc6 15.
Nd5 Bg5 16. c3 Bxe3 17. Rxe3 Ne7 18. Nxe7+ Qxe7 19. Nc1 Nc5 20. b3 Kh8 21. c4
Rfd8 22. Qd2 Nd7 23. Na2 Nb8 24. Nb4 Nc6 25. Nxc6 bxc6 26. Rd1 c5 27. Rd3 Rc6
28. h3 h6 29. Bg4 Bxg4 30. hxg4 Kg8 31. g3 Kh8 32. Rd5 Kh7 33. Qd3 Qe6 34. Qf3
Qe7 35. Kg2 Kg8 36. Qe3 Kh7 37. Rh1 Kg8 38. Rh5 f6 39. Rh1 Qc7 40. Qd2 Rb8 41.
Rd3 Kf8 42. Rd1 Rd8 43. f4 Qe7 44. Re3 Qe6 45. Qd5 Qxd5 46. Rxd5 Ke7 47. Kf3
Rh8 48. Red3 Rb8 49. Ke3 Rd8 50. Kd2 Rc7 51. Rf3 Rb7 52. Kc2 Rdb8 53. Rd2 Ke6
54. Rfd3 Rd7 55. Rh2 Rf8 56. Rf2 Rh8 57. Kb2 Rc7 58. Rfd2 Rd7 59. Rh2 Rf8 60.
Ka2 Rc7 61. Rhd2 Rd8 62. Kb2 Rcd7 63. Kc2 Rb8 64. Kd1 Rc8 65. Ke2 Rb8 66. Kf2
Rbd8 67. Kg2 Rb8 68. Kh3 Rh8 69. Kh4 g5+ 70. Kh3 exf4 71. gxf4 gxf4 72. Kh4 Rg8
73. Rf2 Rg5 74. Rxf4 Rdg7 75. Rd5 Re5 76. Rxe5+ Kxe5 77. Rf5+ Ke6 78. Rh5 Rh7
79. Kg3 Rh8 80. Kf4 Rh7 81. Rh3 Rh8 82. Rh5 Rh7 83. Rh3 Rh8 84. Rh5 Rh7 1/2-1/2